बांधावरच्या बाभळी (Record no. 1085473)

MARC details
000 -LEADER
fixed length control field 00686nam a2200193Ia 4500
008 - FIXED-LENGTH DATA ELEMENTS--GENERAL INFORMATION
fixed length control field 151119s9999||||xx |||||||||||||| ||und||
082 ## - DEWEY DECIMAL CLASSIFICATION NUMBER
Classification number 891.46308माडगू/बांधव
082 ## - DEWEY DECIMAL CLASSIFICATION NUMBER
Item number GKKV33173
100 ## - MAIN ENTRY--PERSONAL NAME
Personal name माडगुळकर ग दि
245 ## - TITLE STATEMENT
Title बांधावरच्या बाभळी
260 ## - PUBLICATION, DISTRIBUTION, ETC. (IMPRINT)
Place of publication, distribution, etc औरंगाबाद
260 ## - PUBLICATION, DISTRIBUTION, ETC. (IMPRINT)
Name of publisher, distributor, etc साकेत प्रकाशन
260 ## - PUBLICATION, DISTRIBUTION, ETC. (IMPRINT)
Date of publication, distribution, etc 1979
600 ## - SUBJECT ADDED ENTRY--PERSONAL NAME
Personal name माडगुळकर ग दि
630 ## - SUBJECT ADDED ENTRY--UNIFORM TITLE
Uniform title बांधावरच्या बाभळी
700 ## - ADDED ENTRY--PERSONAL NAME
Personal name माडगुळकर ग दि
730 ## - ADDED ENTRY--UNIFORM TITLE
Uniform title बांधावरच्या बाभळी
942 ## - ADDED ENTRY ELEMENTS (KOHA)
Koha item type Book
Holdings
Withdrawn status Lost status Damaged status Not for loan Home library Current library Date acquired Cost, normal purchase price Total Checkouts Full call number Barcode Date last seen Cost, replacement price Price effective from Koha item type
        G.K. Khandekar Vachanalaya, Mulund G.K. Khandekar Vachanalaya, Mulund 04/11/2014 0.00   GKKV33173 GKKV33173 11/19/2015 0.00 11/19/2015 Book